|
|
|
|
| LEADER |
01097nam a2200289 a 4500 |
| 001 |
4230 |
| 003 |
BD-DhAAL |
| 005 |
20150324114310.0 |
| 008 |
150324r1991 caua b 001 0 eng |
| 010 |
|
|
|a 90024163
|
| 020 |
|
|
|a 0803940890
|
| 020 |
|
|
|a 0803940904 (pbk.)
|
| 040 |
|
|
|a DLC
|c DLC
|d DLC
|d BD-DhAAL
|
| 050 |
0 |
0 |
|a RC685.C6
|b T95 1991
|
| 082 |
0 |
0 |
|a 616.1/2308
|2 20
|
| 245 |
0 |
0 |
|a Type A behavior /
|c edited by Michael J. Strube.
|
| 260 |
|
|
|a Newbury Park, Calif. :
|b Sage Publications,
|c c1991.
|
| 300 |
|
|
|a xi, 431 p. :
|b ill. ;
|c 23 cm.
|
| 500 |
|
|
|a "Originally published as a special issue of the Journal of social behavior and personality."
|
| 504 |
|
|
|a Includes bibliographical references and indexes.
|
| 541 |
|
|
|e 4230
|
| 650 |
|
0 |
|a Type A behavior.
|9 10106
|
| 650 |
|
0 |
|a Coronary heart disease
|x Psychosomatic aspects.
|9 10107
|
| 700 |
1 |
|
|a Strube, Michael J.
|9 10108
|
| 942 |
|
|
|2 ddc
|c BK
|
| 999 |
|
|
|c 34155
|d 34155
|
| 952 |
|
|
|0 0
|1 0
|2 ddc
|4 0
|6 616_123080000000000_TYP
|7 0
|9 53292
|a SCL
|b SCL
|c GEN
|d 2015-03-24
|e Gift: The Asia Foundation
|l 0
|o 616.12308 TYP
|p 3020004230
|r 2015-03-24
|t 1
|w 2015-03-24
|y BK
|